[Event "ch-ISR"]
[Site "Ramat Aviv ISR"]
[Date "2004.09.26"]
[Round "6"]
[White "Klenburg,M"]
[Black "Gofshtein,Z"]
[Result "1-0"]
[WhiteElo "2399"]
[BlackElo "2540"]
[EventDate "2004.09.19"]

1. g3 e5 2. Bg2 h5 3. c4 h4 4. Nc3 d6 5. Nf3 Be7 6. d4 h3 7. Bf1 Nc6 8. e3
Bf6 9. Be2 Nh6 10. dxe5 dxe5 11. Qxd8+ Bxd8 12. O-O f6 13. b3 Nf7 14. Bb2
Be6 15. Rfd1 Nb8 16. Nd2 c6 17. c5 Nd7 18. b4 a5 19. a3 Bc7 20. Nc4 Ke7 21.
b5 Nxc5 22. a4 Bxc4 23. Bxc4 Nd6 24. Bf1 Nd7 25. bxc6 bxc6 26. Ba3 f5 27.
Rac1 Rac8 28. Ba6 Rb8 29. Nb5 cxb5 30. axb5 Rh6 31. Rxc7 Kd8 32. Ra7 Rb6
33. Rc1 Re6 34. Rcc7 1-0

[Event "ch-ISR"]
[Site "Ramat Aviv ISR"]
[Date "2004.09.26"]
[Round "6"]
[White "Avrukh,B"]
[Black "Gershon,A"]
[Result "1/2-1/2"]
[WhiteElo "2600"]
[BlackElo "2518"]
[EventDate "2004.09.19"]

1. d4 Nf6 2. c4 e6 3. Nc3 Bb4 4. e3 O-O 5. Nge2 d5 6. cxd5 exd5 7. g3 Re8
8. Bg2 c6 9. O-O Nbd7 10. Qc2 Nb6 11. f3 Bf8 12. Rd1 h6 13. h3 Bd7 14. Nf4
Rc8 15. Nd3 Bf5 16. Qf2 Bd6 17. b3 Bh7 18. Nf4 Rc7 19. Bd2 Rce7 20. Re1 Qb8
21. Rf1 c5 22. Nb5 Bxf4 23. gxf4 Bd3 24. dxc5 Bxb5 25. cxb6 Bxf1 26. Bxf1
axb6 27. Bb5 Rc8 28. Bd3 Qd6 29. Kh1 Ne8 30. Rg1 Qf6 31. Bc1 Qc3 32. Bf5
Rc6 33. Bd2 Qb2 34. Rg2 d4 35. exd4 Rf6 36. Be4 Qxa2 37. d5 Qxb3 38. Qd4 b5
39. Bb4 Rc7 40. Qe5 Rc8 41. Qe7 g6 42. f5 Qd1+ 43. Rg1 Qd4 44. fxg6 fxg6
45. Bxg6 Qxg1+ 46. Kxg1 Rxg6+ 47. Kf2 Ra8 48. Ke3 Ng7 49. Kd3 Ra4 50. Bc3
Rf4 51. Qd8+ Rf8 52. Qe7 Rxf3+ 53. Kc2 Rg2+ 54. Kb3 Rgg3 55. d6 Rxc3+ 56.
Kb4 Rb3+ 57. Ka5 Ra3+ 58. Kb6 Rg6 59. Kxb5 Rd3 60. d7 Rgd6 61. Qe8+ 1/2-1/2

[Event "ch-ISR"]
[Site "Ramat Aviv ISR"]
[Date "2004.09.26"]
[Round "6"]
[White "Khmelniker,I"]
[Black "Mikhalevski,V"]
[Result "1-0"]
[WhiteElo "2444"]
[BlackElo "2551"]
[EventDate "2004.09.19"]

1. d4 Nf6 2. c4 g6 3. Nc3 d5 4. Nf3 Bg7 5. cxd5 Nxd5 6. Bg5 Nxc3 7. bxc3 c5
8. e3 O-O 9. Be2 Nc6 10. O-O Qc7 11. Rc1 b6 12. d5 Rd8 13. c4 f6 14. Bh4 e5
15. Nd2 g5 16. Bg3 Ne7 17. f4 Nf5 18. Bd3 Nxg3 19. hxg3 f5 20. Qh5 exf4 21.
gxf4 Qe7 22. Rce1 Bc3 23. Re2 Bd7 24. Nf3 gxf4 25. exf4 Qf6 26. Ne5 Be8 27.
Qxf5 Qxf5 28. Bxf5 a6 29. Rf3 Bd4+ 30. Kf1 Ra7 31. Rg3+ Rg7 32. Rxg7+ Kxg7
33. Nc6 Ra8 34. Re7+ Kf6 35. g4 Bxc6 36. Re6+ Kg7 37. dxc6 Ra7 38. Rd6 Kf8
39. g5 Be3 40. Rf6+ Kg8 41. Ke2 Bd4 42. Be6+ Kg7 43. Rf7+ 1-0

[Event "ch-ISR"]
[Site "Ramat Aviv ISR"]
[Date "2004.09.26"]
[Round "6"]
[White "Zoler,D"]
[Black "Bykhovsky,An ISR"]
[Result "0-1"]
[WhiteElo "2518"]
[BlackElo "2209"]
[EventDate "2004.09.19"]

1. d4 Nf6 2. c4 g6 3. g3 Bg7 4. Bg2 O-O 5. Nc3 d6 6. Nf3 Nbd7 7. O-O e5 8.
h3 exd4 9. Nxd4 Nc5 10. b3 Re8 11. Bb2 h5 12. e3 h4 13. g4 Nfe4 14. Nxe4
Nxe4 15. Qc2 f5 16. gxf5 Bxd4 17. Bxd4 Bxf5 18. Qd1 Qd7 19. Kh2 Re7 20. Bb2
Rf8 21. f3 Ng3 22. Re1 Kh7 23. Qd2 Ref7 24. Rad1 Be6 25. Qc3 Qe7 26. Rd2
Bd7 27. b4 Bc6 28. e4 Qg5 29. b5 Nh5 30. Re3 Bd7 31. Kh1 Nf4 32. e5 Qg3 33.
exd6 cxd6 34. Re4 Bxh3 35. Rxf4 Bxg2+ 36. Rxg2 Qxf4 37. Qd3 Qf5 38. Qxd6 h3
39. Rf2 Re8 40. Qg3 Re1+ 41. Kh2 Qf4 42. Qxf4 Rxf4 43. c5 Rf5 44. Rc2 Rxf3
45. c6 bxc6 46. bxc6 Rfe3 47. c7 R1e2+ 48. Rxe2 Rxe2+ 49. Kg3 Rc2 50. Be5
Kh6 51. Kg4 Rc4+ 52. Kf3 Kg5 53. Ke3 Kf5 54. Kd3 Rc6 55. Kd4 Ke6 56. Bf4
Kd7 57. Ke4 Ra6 0-1

[Event "ch-ISR"]
[Site "Ramat Aviv ISR"]
[Date "2004.09.26"]
[Round "6"]
[White "Kantsler,B"]
[Black "Gerzhoy,L"]
[Result "1/2-1/2"]
[WhiteElo "2474"]
[BlackElo "2376"]
[EventDate "2004.09.19"]

1. Nf3 c5 2. c4 g6 3. Nc3 Bg7 4. g3 Nc6 5. Bg2 e6 6. d4 cxd4 7. Nb5 d5 8.
cxd5 Qa5+ 9. Qd2 Qxb5 10. dxc6 Qxc6 11. O-O Ne7 12. b3 Qc3 13. Ba3 Nd5 14.
Rac1 Qxd2 15. Nxd2 Bd7 16. Bxd5 exd5 17. Rc7 b6 18. Nf3 Kd8 19. Rc2 Bf5 20.
Rc6 Bd7 21. Rc2 Bf5 22. Rc6 Bd7 23. Rc2 1/2-1/2

[Event "ch-ISR"]
[Site "Ramat Aviv ISR"]
[Date "2004.09.26"]
[Round "6"]
[White "Zilberman,Y"]
[Black "Gruenfeld,Y"]
[Result "1/2-1/2"]
[WhiteElo "2430"]
[BlackElo "2471"]
[EventDate "2004.09.19"]

1. d4 Nf6 2. c4 c5 3. d5 e6 4. Nc3 exd5 5. cxd5 d6 6. Nf3 g6 7. g3 Bg7 8.
Bg2 O-O 9. O-O a6 10. a4 Nbd7 11. Nd2 Re8 12. a5 b5 13. axb6 Nxb6 14. Nb3
Nc4 15. Ra4 Nb6 16. Ra2 Nc4 17. Ra4 Nb6 18. Ra2 Nc4 1/2-1/2

[Event "ch-ISR"]
[Site "Ramat Aviv ISR"]
[Date "2004.09.26"]
[Round "6"]
[White "Shachar,E"]
[Black "Shevelev,A"]
[Result "1/2-1/2"]
[WhiteElo "2394"]
[BlackElo "2340"]
[EventDate "2004.09.19"]

1. e4 c6 2. d3 d5 3. Nd2 e5 4. Ngf3 Qc7 5. g3 g6 6. Bg2 Bg7 7. O-O Ne7 8.
d4 exd4 9. exd5 cxd5 10. Nb3 d3 11. Qxd3 Bf5 12. Qb5+ Nbc6 13. Bf4 Qb6 14.
Qxb6 axb6 15. c3 O-O 16. Rfe1 Be4 17. Nbd2 Bxf3 18. Nxf3 Rfe8 19. a3 Nf5
20. g4 Nh6 21. h3 Re4 22. Be3 f5 23. Ng5 Nf7 24. Nxe4 dxe4 25. gxf5 gxf5
26. f3 Nfe5 27. fxe4 f4 28. Bxf4 Nd3 29. Bc7 Nxe1 30. Rxe1 Ne5 31. Bxb6 Nc4
32. Bd4 Nxb2 33. Rb1 Nd3 34. Rxb7 Bxd4+ 35. cxd4 Rxa3 36. Bf1 Ra1 37. Rb3
Nf4 38. Kf2 Kg7 39. Rf3 Ne6 40. d5 Nc5 41. e5 Rd1 42. Bc4 Rd4 43. Rg3+ Kf8
44. Rg4 Rxg4 45. hxg4 Nd7 46. e6 Ne5 47. Be2 Ke7 48. g5 Kd6 49. Bf3 Ng6 50.
Kg3 Ke5 51. Kg4 Ne7 52. Kh5 Nf5 53. Bg4 Ne7 54. Kh6 Nxd5 55. Kxh7 Kf4 56.
g6 Kxg4 57. g7 Kf5 58. Kh8 Ne7 1/2-1/2

[Event "ch-ISR"]
[Site "Ramat Aviv ISR"]
[Date "2004.09.26"]
[Round "6"]
[White "Zaltz,D"]
[Black "Porat,S"]
[Result "0-1"]
[WhiteElo "2315"]
[BlackElo "2431"]
[EventDate "2004.09.19"]

1. e4 e6 2. d3 d5 3. Nd2 Nf6 4. Ngf3 b6 5. c3 Be7 6. e5 Nfd7 7. d4 c5 8.
Bb5 a6 9. Ba4 a5 10. Nf1 Ba6 11. Ng3 h5 12. h4 Qc7 13. Ne2 Nc6 14. a3 Rc8
15. O-O b5 16. Bb3 a4 17. Ba2 b4 18. axb4 cxb4 19. Re1 Nb6 20. Bg5 b3 21.
Bb1 Nc4 22. Bxe7 Qxe7 23. Rxa4 Nxb2 24. Qxb3 Nxa4 25. Qxa4 Bxe2 26. Rxe2
O-O 27. Qc2 g6 28. Qd2 Kg7 29. Re3 Na5 30. Bd3 Qa3 31. Bf1 Qa1 32. Rd3 f6
33. exf6+ Rxf6 34. Ne5 Rb8 35. Nd7 Rb2 36. Qe3 Nc4 37. Qg3 Rb1 0-1

[Event "ch-ISR"]
[Site "Ramat Aviv ISR"]
[Date "2004.09.26"]
[Round "6"]
[White "Kantarji,P"]
[Black "Deutsch,E"]
[Result "1-0"]
[WhiteElo "2414"]
[BlackElo "2350"]
[EventDate "2004.09.19"]

1. e4 e6 2. d3 d5 3. Nd2 Nf6 4. Ngf3 b5 5. g3 dxe4 6. dxe4 b4 7. Bd3 Ba6 8.
Bxa6 Nxa6 9. Qe2 Nc5 10. O-O Be7 11. b3 O-O 12. Bb2 Qc8 13. Ne5 Qb7 14. f3
Rfd8 15. Ndc4 Ncd7 16. Rfd1 a5 17. Rd2 Nxe5 18. Rxd8+ Rxd8 19. Bxe5 Nd7 20.
Rd1 Nb8 21. Rxd8+ Bxd8 22. Qd3 Be7 23. Kg2 Qa7 24. Bf4 f6 25. g4 g6 26. Bg3
Kf7 27. Qd2 Qc5 28. Qf2 Qxf2+ 29. Kxf2 Bc5+ 30. Kg2 Nc6 31. Bxc7 Nd4 32.
Bf4 Nxc2 33. Bd2 a4 34. bxa4 Ke7 35. Na5 Kd6 36. Bf4+ Kd7 37. Kf1 e5 38.
Bd2 Be3 39. Bxe3 Nxe3+ 40. Ke2 Nc2 41. Nb3 Na3 42. Kd3 Kc6 43. Nd2 Kc5 44.
h4 g5 45. hxg5 fxg5 46. a5 Kb5 47. a6 Kxa6 48. Nc4 Nxc4 49. Kxc4 Ka5 50.
Kc5 Ka4 51. Kb6 b3 52. axb3+ Kxb3 53. Kc5 Kc3 54. Kd5 Kd3 55. Kxe5 Ke3 56.
Kf5 Kxf3 57. e5 h5 58. e6 1-0

[Event "ch-ISR"]
[Site "Ramat Aviv ISR"]
[Date "2004.09.26"]
[Round "6"]
[White "Rinberg,A"]
[Black "Bitansky,I"]
[Result "1-0"]
[WhiteElo "2336"]
[BlackElo "2377"]
[EventDate "2004.09.19"]

1. e4 e5 2. Nf3 Nc6 3. Bb5 a6 4. Ba4 Nf6 5. O-O Be7 6. Bxc6 dxc6 7. d3 Nd7
8. b3 O-O 9. Bb2 Bd6 10. Nbd2 c5 11. Nc4 Re8 12. Qd2 f6 13. Nh4 Nf8 14. f4
exf4 15. Nxd6 Qxd6 16. Rxf4 Ne6 17. Rf2 Nd4 18. Re1 Re5 19. Qf4 Re6 20. Qe3
Re5 21. Nf3 Nxf3+ 22. Qxf3 Re7 23. Ref1 Qe6 24. h3 Bd7 25. Qg3 Qd6 26. Rf4
Re6 27. R1f3 Kh8 28. Qh4 c4 29. Rf5 cxd3 30. cxd3 Bc6 31. Rh5 h6 32. Rg3
Kh7 33. Rg4 Qe7 34. Rxh6+ Kg8 35. Qh5 1-0

[Event "ch-ISR"]
[Site "Ramat Aviv ISR"]
[Date "2004.09.26"]
[Round "6"]
[White "Krayz,A"]
[Black "Kataev,Si"]
[Result "0-1"]
[WhiteElo "2424"]
[BlackElo "2286"]
[EventDate "2004.09.19"]

1. e4 d5 2. exd5 Nf6 3. d4 Nxd5 4. c4 Nb6 5. Nc3 g6 6. Be3 Bg7 7. Be2 O-O
8. Nf3 Bg4 9. Ne5 Bxe5 10. Bxg4 Bg7 11. Be2 Nc6 12. d5 Ne5 13. Qb3 c6 14.
Rd1 cxd5 15. Nxd5 Nxd5 16. Rxd5 Qc7 17. O-O Nc6 18. Rfd1 Rfd8 19. Rxd8+
Nxd8 20. Qb5 Nc6 21. b3 h5 22. g3 Bf6 23. Kg2 Kg7 24. h3 Rc8 25. Bf3 Rb8
26. Qc5 a6 27. Qb6 Qc8 28. Bxc6 bxc6 29. Qa7 a5 30. Qxa5 Ra8 31. Qd2 c5 32.
a4 Rb8 33. Rb1 Qf5 34. Qe1 h4 35. Bf4 Rb6 36. Rd1 hxg3 37. Bxg3 Rxb3 38.
Rd5 Qf3+ 39. Kg1 e5 40. Qd1 Qc3 41. Qg4 Rb1+ 42. Rd1 Rb4 43. Rd7 Qxc4 44.
Qxc4 Rxc4 45. Ra7 e4 46. Bd6 Bd4 47. Kg2 g5 48. Re7 Rxa4 49. Be5+ Kg6 50.
Bxd4 Rxd4 51. Rc7 Rd3 0-1

[Event "ch-ISR"]
[Site "Ramat Aviv ISR"]
[Date "2004.09.26"]
[Round "6"]
[White "Birnboim,N"]
[Black "Kaplan,S"]
[Result "0-1"]
[WhiteElo "2349"]
[BlackElo "2326"]
[EventDate "2004.09.19"]

1. d4 d5 2. c4 c6 3. Nf3 Nf6 4. Qc2 dxc4 5. Qxc4 Bf5 6. g3 Nbd7 7. Bg2 e6
8. O-O Be7 9. Nc3 Ne4 10. Nd2 Nb6 11. Qb3 Nxd2 12. Bxd2 Qxd4 13. e4 Bg4 14.
Be3 Qb4 15. h3 Bh5 16. g4 Bg6 17. f4 Nc4 18. Bf2 f6 19. Qc2 O-O 20. a3 Qxb2
21. Qd3 Nxa3 22. Qd7 Bb4 23. Na2 Ba5 24. Kh1 Rad8 25. Qxe6+ Bf7 26. Qf5 b6
27. e5 Bxa2 0-1

[Event "ch-ISR"]
[Site "Ramat Aviv ISR"]
[Date "2004.09.27"]
[Round "7"]
[White "Lerner,K"]
[Black "Golod,V"]
[Result "1/2-1/2"]
[WhiteElo "2494"]
[BlackElo "2538"]
[EventDate "2004.09.19"]

1. c4 e6 2. Nc3 d5 3. d4 Nf6 4. cxd5 Nxd5 5. e4 Nxc3 6. bxc3 c5 7. a3 cxd4
8. cxd4 e5 9. Nf3 exd4 10. Bc4 Be7 11. O-O Nc6 12. Rb1 O-O 13. Bd5 Bf6 14.
Bf4 Re8 1/2-1/2

[Event "ch-ISR"]
[Site "Ramat Aviv ISR"]
[Date "2004.09.27"]
[Round "7"]
[White "Klenburg,M"]
[Black "Erenburg,S"]
[Result "1/2-1/2"]
[WhiteElo "2399"]
[BlackElo "2533"]
[EventDate "2004.09.19"]

1. g3 d5 2. Bg2 c6 3. d3 Bg4 4. h3 Bh5 5. f4 e6 6. Nf3 Bc5 7. e4 dxe4 8.
dxe4 Qxd1+ 9. Kxd1 f6 10. Ke2 Ne7 11. Be3 Nd7 12. Nc3 a5 13. Rhd1 Bxe3 14.
Kxe3 O-O-O 15. a4 Kc7 16. b3 Nc5 17. Bf1 Nc8 18. Rxd8 Rxd8 19. Nd2 Nd6 20.
Nc4 e5 21. f5 Bf7 22. Nxd6 Rxd6 23. Rd1 Rxd1 24. Nxd1 b6 25. Be2 Nb7 26.
Nb2 Be8 27. Bc4 b5 28. Bg8 h6 29. Nd3 Kb6 30. Be6 Nd6 31. Nb2 Bf7 32. Bxf7
Nxf7 33. g4 Nd6 34. h4 Nb7 35. Kd3 Nc5+ 36. Ke3 Kc7 37. Kf3 Kb7 38. Ke3 Kb6
39. Kf3 bxa4 40. bxa4 Kc7 41. Ke3 Kd7 1/2-1/2

[Event "ch-ISR"]
[Site "Ramat Aviv ISR"]
[Date "2004.09.27"]
[Round "7"]
[White "Livshits,G"]
[Black "Huzman,A"]
[Result "1/2-1/2"]
[WhiteElo "2415"]
[BlackElo "2588"]
[EventDate "2004.09.19"]

1. e4 e5 2. Nf3 Nc6 3. Bb5 a6 4. Ba4 Nf6 5. O-O Be7 6. Bxc6 dxc6 7. Qe2 Nd7
8. d3 O-O 9. Nbd2 Bf6 10. Nc4 Re8 11. a4 Nf8 12. h3 a5 13. Nh2 Ng6 14. Be3
b6 15. b3 Bg5 16. Qh5 Nf4 17. Qf3 Ng6 18. Qh5 Bxe3 19. fxe3 Qh4 20. Qxh4
Nxh4 21. Rf2 f6 22. Nf1 Be6 23. Nfd2 Ng6 24. Kh2 Nf8 25. g4 Bf7 26. Kg3 h6
27. Rff1 Nh7 28. Rfb1 Ng5 29. h4 Nh7 1/2-1/2

[Event "ch-ISR"]
[Site "Ramat Aviv ISR"]
[Date "2004.09.27"]
[Round "7"]
[White "Roiz,M"]
[Black "Postny,E"]
[Result "1/2-1/2"]
[WhiteElo "2574"]
[BlackElo "2563"]
[EventDate "2004.09.19"]

1. d4 d5 2. c4 c6 3. Nf3 Nf6 4. Nc3 dxc4 5. a4 Bf5 6. e3 e6 7. Bxc4 Bb4 8.
O-O O-O 9. Qe2 Ne4 10. Bd3 Bxc3 11. Bxe4 Bxe4 12. bxc3 c5 13. Ba3 Na6 14.
Ne5 Qc7 15. f3 Bc6 16. Nxc6 Qxc6 17. Qb5 Rfc8 18. Rab1 cxd4 19. cxd4 Qxb5
20. axb5 Nc7 21. Rfc1 Nd5 22. e4 Nb6 23. Rxc8+ Rxc8 24. Bc5 Nd7 25. Ra1 Ra8
26. Kf2 1/2-1/2

[Event "ch-ISR"]
[Site "Ramat Aviv ISR"]
[Date "2004.09.27"]
[Round "7"]
[White "Sidorenko,I"]
[Black "Khmelniker,I"]
[Result "0-1"]
[WhiteElo "2283"]
[BlackElo "2444"]
[EventDate "2004.09.19"]

1. e4 e5 2. Nf3 Nc6 3. Bc4 Bc5 4. b4 Bb6 5. a4 a6 6. Nc3 Nf6 7. Nd5 Nxd5 8.
exd5 Nd4 9. Bb2 Nxf3+ 10. Qxf3 d6 11. Qg3 O-O 12. f4 Bd4 13. Bxd4 exd4 14.
O-O Bf5 15. Bd3 Qd7 16. Qf2 Bxd3 17. cxd3 Rfe8 18. Qxd4 Re2 19. f5 f6 20.
Rac1 Rae8 21. Qf4 R8e7 22. a5 Qb5 23. Qc4 Qe8 24. Rf4 Qh5 25. Rcf1 Qg5 26.
g3 Rxd2 27. Re4 Qh5 28. h4 Rxe4 29. Qxe4 Re2 30. Qd4 Re5 31. Rf2 Qf7 32.
Qa7 Qxd5 33. Qb8+ Kf7 34. Qxc7+ Re7 35. Qc3 h5 36. Kh2 Re3 37. Qc8 Re1 38.
Rg2 Re7 39. Qc4 Qxc4 40. dxc4 Re4 41. Rc2 Ke7 42. Kg2 Kd7 43. Kf3 Re1 44.
c5 d5 45. Rd2 Kc6 46. Rd4 Rf1+ 47. Kg2 Rxf5 48. g4 Re5 49. Kf3 Re4 0-1

[Event "ch-ISR"]
[Site "Ramat Aviv ISR"]
[Date "2004.09.27"]
[Round "7"]
[White "Bykhovsky,An ISR"]
[Black "Avrukh,B"]
[Result "0-1"]
[WhiteElo "2209"]
[BlackElo "2600"]
[EventDate "2004.09.19"]

1. d4 Nf6 2. c4 g6 3. Nc3 Bg7 4. e4 d6 5. Nf3 O-O 6. Be2 e5 7. O-O Nc6 8.
d5 Ne7 9. b4 Nh5 10. Re1 a5 11. bxa5 Rxa5 12. Nd2 Nf4 13. Bf1 c5 14. a4 Kh8
15. Ra3 Ng8 16. Nb5 Nh6 17. Bb2 Ra6 18. g3 Nh3+ 19. Bxh3 Bxh3 20. f4 Ng4
21. Nf3 f6 22. Qd2 Qe7 23. Kh1 Nh6 24. Ng1 Bd7 25. Kg2 Nf7 26. h3 Bh6 27.
Nf3 Kg8 28. Qc3 b6 29. Bc1 Rfa8 30. Qc2 Qd8 31. f5 Ra5 32. Bxh6 Nxh6 33.
Nxd6 Rxa4 34. Rxa4 Bxa4 35. Qd2 g5 36. Nb5 Bxb5 37. cxb5 Nf7 38. h4 g4 39.
Nh2 h5 40. Rd1 Ra4 41. Qc2 Qa8 42. Rd2 Nd6 43. Re2 Nxe4 0-1

[Event "ch-ISR"]
[Site "Ramat Aviv ISR"]
[Date "2004.09.27"]
[Round "7"]
[White "Gershon,A"]
[Black "Kantsler,B"]
[Result "1-0"]
[WhiteElo "2518"]
[BlackElo "2474"]
[EventDate "2004.09.19"]

1. d4 d6 2. Nf3 g6 3. c4 Bg7 4. e4 Nf6 5. Nc3 O-O 6. Be2 e5 7. Be3 Na6 8.
O-O Ng4 9. Bg5 Qe8 10. dxe5 dxe5 11. h3 f6 12. Bd2 Nh6 13. c5 c6 14. Bxa6
bxa6 15. Bxh6 Bxh6 16. Qa4 Rf7 17. Rfd1 Bf8 18. b4 Rb8 19. a3 Bb7 20. Nd2
Rd8 21. Nb3 Rfd7 22. Na5 Ba8 23. Rxd7 Rxd7 24. Rd1 Qe6 25. Qc2 Kg7 26. Qe2
Rxd1+ 27. Nxd1 Qc8 28. Ne3 Be7 29. Qd3 Bb7 30. Nec4 Ba8 31. Nd6 Qe6 32.
Qxa6 Qd7 33. Qc8 Qd8 34. Nxc6 Qxc8 35. Nxc8 1-0

[Event "ch-ISR"]
[Site "Ramat Aviv ISR"]
[Date "2004.09.27"]
[Round "7"]
[White "Gofshtein,Z"]
[Black "Kantarji,P"]
[Result "1/2-1/2"]
[WhiteElo "2540"]
[BlackElo "2414"]
[EventDate "2004.09.19"]

1. e4 c5 2. Nf3 d6 3. d4 cxd4 4. Nxd4 Nf6 5. Nc3 a6 6. Bg5 e6 7. Qe2 Nbd7
8. f4 Qc7 9. g4 h6 10. Bh4 e5 11. Nd5 Nxd5 12. exd5 g5 13. fxg5 Be7 14. Nf5
hxg5 15. Bf2 Nf6 16. Ne3 Qa5+ 17. c3 Bd7 18. Bg2 Qa4 19. b3 Qa5 20. Rc1 Qb5
21. c4 Qa5+ 22. Kd1 Rc8 23. h3 b5 24. Rf1 Qd8 25. Qd2 bxc4 26. Nxc4 Bb5 27.
Be3 Bxc4 28. bxc4 Nd7 29. Qf2 Rf8 30. Be4 Qa5 31. Qc2 Bd8 32. Bf5 Rc7 33.
Rb1 Rg8 34. Rf3 Rg7 35. Bxd7+ Rxd7 36. Rb8 Qc7 37. Rb6 Qxb6 38. Bxb6 Bxb6
39. Rb3 Bc5 40. Rb8+ Ke7 41. Qa4 Rd8 42. Rb7+ Kf8 43. Qxa6 f6 44. Rxg7 Kxg7
45. Qb7+ Kg6 46. a4 Rh8 47. Qb3 Ra8 48. Ke2 e4 49. Qb5 Rh8 50. Qb3 e3 51.
Qb1+ Kg7 52. Qb7+ Kg6 53. Qb1+ Kg7 54. Qb7+ Kg6 1/2-1/2

[Event "ch-ISR"]
[Site "Ramat Aviv ISR"]
[Date "2004.09.27"]
[Round "7"]
[White "Gruenfeld,Y"]
[Black "Rinberg,A"]
[Result "0-1"]
[WhiteElo "2471"]
[BlackElo "2336"]
[EventDate "2004.09.19"]

1. e4 e5 2. Nf3 Nf6 3. Nc3 Bb4 4. Bc4 O-O 5. O-O Bxc3 6. dxc3 d6 7. Re1 Be6
8. Bf1 h6 9. h3 Nbd7 10. c4 Nh7 11. Be3 Qe7 12. b3 b6 13. Nd2 Kh8 14. Be2
Rg8 15. Nb1 Qh4 16. Nc3 Nc5 17. Bg4 Nxe4 18. Nxe4 f5 19. g3 Qe7 20. Bf3
fxe4 21. Bxe4 Raf8 22. Bg2 Rf7 23. f4 Rgf8 24. Qd2 Nf6 25. Kh2 Nd7 26. Re2
Qf6 27. Rae1 Qg6 28. Rf2 Nf6 29. fxe5 dxe5 30. Qe2 h5 31. Ref1 Kg8 32. Bc1
h4 33. gxh4 Nh5 34. Bg5 Nf4 35. Qe4 Bf5 36. Qxe5 Nxg2 37. Rxg2 Be4 38. Rxf7
Rxf7 39. Rd2 Bc6 40. Qe2 Rf8 41. c3 Rf3 0-1

[Event "ch-ISR"]
[Site "Ramat Aviv ISR"]
[Date "2004.09.27"]
[Round "7"]
[White "Porat,S"]
[Black "Karasik,E"]
[Result "1/2-1/2"]
[WhiteElo "2431"]
[BlackElo "2174"]
[EventDate "2004.09.19"]

1. d4 Nf6 2. c4 c5 3. d5 b5 4. Nf3 Bb7 5. Qb3 Qb6 6. Nc3 bxc4 7. Qxb6 axb6
8. e4 e6 9. Ne5 Nxe4 10. Nxe4 exd5 11. Nc3 Nc6 12. Nxd5 Nxe5 13. Nxb6 Ra6
14. Nxc4 Nxc4 15. Bxc4 Rg6 16. a4 Bxg2 17. Rg1 Ba8 18. Rg3 Bd6 19. Re3+ Kd8
20. Bxf7 Rg1+ 21. Ke2 Rf8 22. Bh5 Bxh2 23. a5 g6 24. Bf3 Bxf3+ 25. Rxf3
Rxf3 26. Kxf3 Bb8 27. b3 Kc8 28. a6 Ba7 29. Bb2 Rxa1 30. Bxa1 d5 31. Kf4
Kc7 32. Kg5 c4 33. bxc4 dxc4 34. f4 Be3 35. Be5+ Kb6 36. Kh6 Kxa6 37. Kxh7
g5 38. fxg5 Bxg5 39. Kg6 Bd2 40. Kf5 Kb5 41. Ke4 Kb4 42. Kd5 Kb3 43. Bd4
Bc3 44. Bf2 Bf6 45. Be1 Bc3 46. Bf2 Kb4 47. Bc5+ Kb5 48. Bf2 Ba5 49. Bd4
Bd2 50. Be5 Kb4 51. Bd4 Kb3 52. Be5 Bc1 53. Bd4 Ba3 54. Be5 Bb4 55. Bd4 Bc3
1/2-1/2

[Event "ch-ISR"]
[Site "Ramat Aviv ISR"]
[Date "2004.09.27"]
[Round "7"]
[White "Shevelev,A"]
[Black "Zilberman,Y"]
[Result "1-0"]
[WhiteElo "2340"]
[BlackElo "2430"]
[EventDate "2004.09.19"]

1. e4 e5 2. Nf3 Nc6 3. Nc3 Nf6 4. d4 exd4 5. Nxd4 Bb4 6. Nxc6 bxc6 7. Bd3
O-O 8. O-O d5 9. exd5 cxd5 10. Bg5 c6 11. Qf3 Be7 12. Rae1 h6 13. Bxh6 gxh6
14. Qe3 Bd6 15. Qxh6 Rb8 16. f4 Bg4 17. Kh1 Rb7 18. Re3 Ne4 19. Nxe4 dxe4
20. Bc4 Qd7 21. Rg3 Rb4 22. Qg5+ Kh7 23. Qh4+ Kg7 24. Rxg4+ Qxg4 25. Qxg4+
Kh7 26. Qf5+ Kg7 1-0

[Event "ch-ISR"]
[Site "Ramat Aviv ISR"]
[Date "2004.09.27"]
[Round "7"]
[White "Gerzhoy,L"]
[Black "Kudischewitsch,D"]
[Result "1/2-1/2"]
[WhiteElo "2376"]
[BlackElo "2405"]
[EventDate "2004.09.19"]

1. c4 c6 2. Nc3 d5 3. d4 Nf6 4. e3 g6 5. Nf3 Bg7 6. Be2 O-O 7. O-O dxc4 8.
Bxc4 c5 9. d5 Nbd7 10. e4 Nb6 11. Bb3 c4 12. Bc2 Bg4 13. h3 Bxf3 14. Qxf3
Nfd7 15. Qe2 Nc5 16. Be3 Rc8 17. Rad1 Qd7 18. f4 Nba4 19. Bxa4 Nxa4 20. e5
Nxc3 21. bxc3 b5 22. Qc2 Rfd8 23. Qe4 Qb7 24. f5 e6 25. fxe6 fxe6 26. Qg4
exd5 27. e6 Rf8 28. Qg5 Qc6 29. Rxf8+ Rxf8 30. Qxd5 Qxd5 31. Rxd5 Bxc3 32.
Rxb5 Re8 33. Rc5 Rxe6 34. Kf2 1/2-1/2

[Event "ch-ISR"]
[Site "Ramat Aviv ISR"]
[Date "2004.09.27"]
[Round "7"]
[White "Kataev,Si"]
[Black "Zoler,D"]
[Result "1-0"]
[WhiteElo "2286"]
[BlackElo "2518"]
[EventDate "2004.09.19"]

1. d4 Nf6 2. Nf3 e6 3. Bf4 b6 4. e3 Bb7 5. Nbd2 Be7 6. h3 O-O 7. Be2 c5 8.
O-O cxd4 9. exd4 d6 10. Re1 Nbd7 11. c3 Qc7 12. Bd3 a6 13. Qe2 Rfe8 14. Ng5
Bf8 15. Nde4 Qc6 16. Qf3 h6 17. Nxf6+ Nxf6 18. Ne4 Nd5 19. Bxh6 f5 20. Bg5
Qd7 21. Ng3 Nxc3 22. Qh5 Nd5 23. Rad1 Qf7 24. Qe2 b5 25. Bb1 Rac8 26. a3
Be7 27. Bxe7 Rxe7 28. Qd2 Qf6 29. Ba2 g5 30. Bxd5 Bxd5 31. Ne2 Kf7 32. Qb4
Rd7 33. f3 Rh8 34. Qc3 Qd8 35. Qe3 Kf6 36. Nc3 Qa8 37. Rd2 Rh4 38. Rde2 Re7
39. Rc1 Bc4 40. Rec2 Qa7 41. Rd2 Qb7 42. Rf2 Kg6 43. Rd2 Kf6 44. Qf2 Qa7
45. Nd1 Bd5 46. Ne3 Qb7 47. Re1 Rc7 48. Qg3 Rd7 49. Rde2 Bb3 50. d5 Qb6 51.
Qf2 Qc5 52. dxe6 Re7 53. Kh2 Rxe6 54. Rd2 a5 55. Rd3 a4 56. Qd2 Kg6 57. g3
Rh7 58. Ng2 Rf6 59. h4 f4 60. g4 Bc4 61. Rd4 d5 62. Re5 Re7 63. Rxg5+ 1-0

[Event "ch-ISR"]
[Site "Ramat Aviv ISR"]
[Date "2004.09.27"]
[Round "7"]
[White "Kaplan,S"]
[Black "Shachar,E"]
[Result "1/2-1/2"]
[WhiteElo "2326"]
[BlackElo "2394"]
[EventDate "2004.09.19"]

1. e4 e6 2. d4 d5 3. Nd2 dxe4 4. Nxe4 Nd7 5. Nf3 Ngf6 6. Nxf6+ Nxf6 7. c3
Be7 8. Bd3 O-O 9. O-O b6 10. Qe2 Bb7 11. Bg5 c5 12. dxc5 bxc5 13. Rad1 Qc7
14. Ne5 Rad8 15. Rfe1 Bd5 16. c4 Ba8 17. Qe3 Rd4 18. Qh3 g6 19. Bh6 Nh5 20.
Bxf8 Nf4 21. Qg3 Bxf8 22. Nf3 Rd8 23. Bf1 Rxd1 24. Rxd1 Bd6 25. Qh4 Bxf3
26. gxf3 Kg7 27. Kh1 h6 28. Qg3 Be5 29. b3 a5 30. Qh4 Bf6 31. Qg3 Bd4 32.
Re1 e5 33. Rd1 Qd7 34. Qg4 f5 35. Qg3 Qe7 36. Bd3 Qf6 37. Bf1 Kh7 38. Bd3
Qe7 39. Bc2 Ne2 40. Qg2 h5 41. Re1 Nf4 42. Qg3 Qf6 43. h4 Ne6 44. Rg1 Kg7
45. Bb1 Kf7 46. Bc2 Nf4 47. Re1 Bc3 48. Rd1 Ne2 49. Qh3 Bd4 50. Re1 1/2-1/2

[Event "ch-ISR"]
[Site "Ramat Aviv ISR"]
[Date "2004.09.27"]
[Round "7"]
[White "Deutsch,E"]
[Black "Zaltz,D"]
[Result "1/2-1/2"]
[WhiteElo "2350"]
[BlackElo "2315"]
[EventDate "2004.09.19"]

1. d4 Nf6 2. Nf3 g6 3. Bg5 Bg7 4. c3 O-O 5. Nbd2 d6 6. e4 c5 7. dxc5 dxc5
8. Bc4 Nc6 9. O-O Qc7 10. Re1 h6 11. Bh4 Nh5 12. Nf1 Na5 13. Be2 Nf4 14.
Bg3 Nxe2+ 15. Qxe2 Qc6 16. Be5 Be6 17. Bxg7 Kxg7 18. b3 Rad8 19. Rad1 b6
20. h3 Nb7 21. Ne5 Qc7 22. f4 Rd6 23. Rxd6 exd6 24. Nf3 Re8 25. Qd2 Bd7 26.
Ng3 Bc6 27. c4 Qe7 28. f5 Qf6 29. Qf4 Re7 30. Kh2 Nd8 31. Qg4 Kh7 32. fxg6+
fxg6 33. Rf1 Bd7 34. Qh4 Qxh4 35. Nxh4 Bc6 36. Rf6 Re6 37. Rf8 Re8 38. Rf6
Re6 1/2-1/2

[Event "ch-ISR"]
[Site "Ramat Aviv ISR"]
[Date "2004.09.27"]
[Round "7"]
[White "Bitansky,I"]
[Black "Birnboim,N"]
[Result "0-1"]
[WhiteElo "2377"]
[BlackElo "2349"]
[EventDate "2004.09.19"]

1. e4 e5 2. Nf3 Nc6 3. Bb5 a6 4. Ba4 Nf6 5. O-O Be7 6. Re1 b5 7. Bb3 d6 8.
c3 O-O 9. d3 Be6 10. Bc2 Nd7 11. d4 Bg4 12. d5 Na5 13. h3 Bh5 14. Nbd2 c5
15. dxc6 Nxc6 16. Nf1 Nc5 17. Ne3 Bxf3 18. Qxf3 Bg5 19. Bd2 g6 20. Rad1 Ne6
21. Nd5 Kh8 22. Bxg5 Qxg5 23. Ne3 Rad8 24. Rd2 Rd7 25. Red1 Rfd8 26. g3 Kg7
27. Nd5 Rb8 28. Kg2 h5 29. h4 Qd8 30. Ne3 Na7 31. Nd5 a5 32. Qe3 Nc6 33.
Kh3 Ne7 34. f4 Nxd5 35. Rxd5 Nc7 36. R5d2 Qe7 37. Rf1 Rf8 38. f5 Ne8 39.
Bd1 Nf6 40. Rdf2 d5 41. fxg6 fxg6 42. Bxh5 Rd6 43. Qg5 Qe8 44. Bxg6 Qxg6
45. Qxe5 Qg4+ 46. Kh2 Re6 47. Qd4 Qxe4 48. Qxe4 dxe4 49. Rf5 0-1